[Event "NED-chT 2223"]
[Site "Netherlands"]
[Date "2023.04.22"]
[Round "9.3"]
[White "Wantola, Ivo"]
[Black "Ris, Robert"]
[Result "1/2-1/2"]
[WhiteElo "2326"]
[BlackElo "2465"]
[PlyCount "44"]
[EventDate "2022.09.17"]
[EventType "team-tourn"]
[EventRounds "9"]
[EventCountry "NED"]
[SourceTitle "EXT 2024"]
[Source "ChessBase"]
[SourceDate "2023.10.10"]
[SourceVersion "1"]
[SourceVersionDate "2023.10.10"]
[SourceQuality "1"]
[WhiteTeam "Zuid Limburg"]
[BlackTeam "Amstelveen Zukertort"]
[WhiteTeamCountry "NED"]
[BlackTeamCountry "NED"]

1. Nf3 Nf6 2. c4 b6 3. g3 Bb7 4. Bg2 g6 5. 0-0 Bg7 6. Nc3 0-0 7. Re1 Ne4 8. Nxe4 Bxe4 9. d3 Bb7 10. e4 c5 11. d4 cxd4 12. Nxd4 Nc6 13. Be3 Rc8 14. b3 Nxd4 15. Bxd4 d6 16. Bxg7 Kxg7 17. Qd4+ e5 18. Qd3 Qc7 19. Rad1 Rfd8 20. h4 Qe7 21. Rd2 Bc6 22. Red1 Bb7 1/2-1/2

[Event "NED-chT 2223"]
[Site "Netherlands"]
[Date "2023.04.01"]
[Round "8.6"]
[White "De Schampheleire, Glen"]
[Black "Ris, Robert"]
[Result "0-1"]
[WhiteElo "2379"]
[BlackElo "2465"]
[PlyCount "62"]
[EventDate "2022.09.17"]
[EventType "team-tourn"]
[EventRounds "9"]
[EventCountry "NED"]
[SourceTitle "EXT 2024"]
[Source "ChessBase"]
[SourceDate "2023.10.10"]
[SourceVersion "1"]
[SourceVersionDate "2023.10.10"]
[SourceQuality "1"]
[WhiteTeam "Sas van Gent"]
[BlackTeam "Amstelveen Zukertort"]
[WhiteTeamCountry "NED"]
[BlackTeamCountry "NED"]

1. Nf3 Nf6 2. g3 g6 3. b3 Bg7 4. Bb2 d6 5. d4 0-0 6. Bg2 b5 7. Nfd2 c6 8. c4 d5 9. cxb5 cxb5 10. Nc3 Nc6 11. Nxb5 Qa5 12. a4 Ba6 13. 0-0 Bxb5 14. axb5 Qxb5 15. Ra3 e6 16. e3 Rfc8 17. Bf3 Nb4 18. Be2 Qb6 19. Ra4 Bf8 20. Qb1 Rc7 21. Rc1 Rac8 22. Rc5 Bxc5 23. dxc5 Rxc5 24. Bf1 e5 25. Bxe5 Rc1 26. Qb2 Nd3 27. Qd4 Nxe5 28. Qxe5 R8c2 29. Qd4 Qxd4 30. Rxd4 Rb2 31. Kg2 Rcc2 0-1

[Event "ISL-chT1 2122"]
[Site "Reykjavik"]
[Date "2022.03.05"]
[Round "9.1"]
[White "Ris, Robert"]
[Black "Karlsson, Bjorn Ivar"]
[Result "1-0"]
[WhiteElo "2468"]
[BlackElo "2313"]
[PlyCount "65"]
[EventDate "2021.09.30"]
[EventType "team-tourn"]
[EventRounds "10"]
[EventCountry "ISL"]
[SourceTitle "EXT 2023"]
[Source "ChessBase"]
[SourceDate "2022.10.05"]
[SourceVersion "1"]
[SourceVersionDate "2022.10.05"]
[SourceQuality "1"]
[WhiteTeam "Skakdeild Fjolnis"]
[BlackTeam "Skakfelag Akureyrar"]
[WhiteTeamCountry "ISL"]
[BlackTeamCountry "ISL"]

1. e4 c5 2. Nf3 Nc6 3. Bb5 g6 4. 0-0 Bg7 5. d3 Nf6 6. Nc3 0-0 7. e5 Ng4 8. Bxc6 bxc6 9. Bf4 f6 10. exf6 Nxf6 11. Qd2 d6 12. Bh6 e5 13. Bxg7 Kxg7 14. Ng5 Nh5 15. Ne2 Nf4 16. Nxf4 exf4 17. Qc3+ Kg8 18. Nf3 Bg4 19. d4 Qf6 20. Rad1 cxd4 21. Qxc6 Rac8 22. Qd5+ Kg7 23. Rd2 Bxf3 24. Qxf3 Qf5 25. Rxd4 Rxc2 26. Rxd6 Rb8 27. Rd5 Qf6 28. Rd7+ Kh8 29. Qh3 h5 30. Rxa7 Rd8 31. Qb3 Rxb2 32. Qa4 Qe6 33. Qxf4 1-0

[Event "ISL-chT1 2122"]
[Site "Reykjavik"]
[Date "2022.03.03"]
[Round "6.2"]
[White "Ris, Robert"]
[Black "Thorfinnsson, Bjorn"]
[Result "1-0"]
[WhiteElo "2468"]
[BlackElo "2387"]
[PlyCount "77"]
[EventDate "2021.09.30"]
[EventType "team-tourn"]
[EventRounds "10"]
[EventCountry "ISL"]
[SourceTitle "EXT 2024"]
[Source "ChessBase"]
[SourceDate "2023.10.10"]
[SourceVersion "1"]
[SourceVersionDate "2023.10.10"]
[SourceQuality "1"]
[WhiteTeam "Skakdeild Fjolnis"]
[BlackTeam "Vikingaklubburinn"]
[WhiteTeamCountry "ISL"]
[BlackTeamCountry "ISL"]

1. e4 e5 2. Bc4 Nc6 3. Nc3 Nf6 4. d3 Na5 5. Bb3 Nxb3 6. axb3 d5 7. Nf3 dxe4 8. Nxe5 exd3 9. 0-0 Be7 10. Nxd3 0-0 11. Qf3 c6 12. h3 Be6 13. Re1 Re8 14. Bg5 h6 15. Bh4 a6 16. Re2 Nd7 17. Bxe7 Qxe7 18. Rae1 Qd6 19. Ne4 Qc7 20. Nec5 Nf8 21. Nf4 Bd7 22. Nh5 Qa5 23. Nxd7 Qxe1+ 24. Rxe1 Rxe1+ 25. Kh2 Nxd7 26. Qg3 g6 27. Qc3 Re5 28. Nf6+ Nxf6 29. Qxe5 Kg7 30. Qc7 Re8 31. Qxb7 Re2 32. Qxc6 Rxf2 33. b4 h5 34. c3 Rxb2 35. Qxa6 Ne4 36. Qa7 Re2 37. b5 h4 38. b6 Nd2 39. Kg1 1-0

[Event "EU-Cup 35th"]
[Site "Ulcinj"]
[Date "2019.11.12"]
[Round "3.10"]
[White "Ris, Robert"]
[Black "Vinter Schou, Uffe"]
[Result "1/2-1/2"]
[WhiteElo "2454"]
[BlackElo "2361"]
[PlyCount "86"]
[EventDate "2019.11.10"]
[EventType "team-swiss"]
[EventRounds "7"]
[EventCountry "MNE"]
[SourceTitle "CBM 193 Extra"]
[Source "ChessBase"]
[SourceDate "2020.01.31"]
[SourceVersion "1"]
[SourceVersionDate "2020.01.31"]
[SourceQuality "1"]
[WhiteTeam "Gent"]
[BlackTeam "Aarhus Skolerne"]
[WhiteTeamCountry "BEL"]
[BlackTeamCountry "DEN"]

1. e4 c5 2. Nf3 e6 3. d4 cxd4 4. Nxd4 Nc6 5. Nc3 Qc7 6. Be3 Nf6 7. f4 Bb4 8. Ndb5 Qa5 9. e5 Ne4 10. Qd3 Nxc3 11. bxc3 Be7 12. Bd2 0-0 13. Qe3 f6 14. exf6 Bxf6 15. Bd3 d5 16. 0-0 Bd7 17. Rae1 a6 18. c4 Qd8 19. Qh3 g6 20. Nc3 e5 21. f5 e4 22. cxd5 exd3 23. dxc6 Bxf5 24. g4 Qd4+ 25. Be3 Qxg4+ 26. Qxg4 Bxg4 27. Nd5 Bh4 28. cxb7 Rab8 29. Bh6 Rxf1+ 30. Rxf1 Bf5 31. cxd3 Rxb7 32. Ne3 Rb5 33. Nxf5 gxf5 34. Rf4 Bd8 35. Ra4 a5 36. Be3 Rb2 37. Rc4 Kf7 38. a4 Ke6 39. Rc6+ Kd5 40. Rc5+ Ke6 41. Rc6+ Kd5 42. Rc5+ Ke6 43. Rc6+ Kd5 1/2-1/2

[Event "NED-chT 1819"]
[Site "Netherlands"]
[Date "2019.03.16"]
[Round "7.7"]
[White "Van der Werf, Mark"]
[Black "Ris, Robert"]
[Result "0-1"]
[WhiteElo "2404"]
[BlackElo "2431"]
[PlyCount "88"]
[EventDate "2018.09.15"]
[EventType "team-tourn"]
[EventRounds "9"]
[EventCountry "NED"]
[SourceTitle "CBM 189 Extra"]
[Source "ChessBase"]
[SourceDate "2019.06.03"]
[SourceVersion "1"]
[SourceVersionDate "2019.06.03"]
[SourceQuality "1"]
[WhiteTeam "Leiden LSG"]
[BlackTeam "BSG"]
[WhiteTeamCountry "NED"]
[BlackTeamCountry "NED"]

1. d4 d5 2. c4 e6 3. Nc3 a6 4. cxd5 exd5 5. Bf4 Nf6 6. e3 Bd6 7. Bg5 Be6 8. Bd3 Nbd7 9. f4 h6 10. Bh4 g5 11. Bg3 Bg4 12. Nge2 Qe7 13. Qd2 Nb6 14. 0-0 0-0-0 15. Rae1 Kb8 16. Nc1 Nh5 17. Qf2 Nxg3 18. Qxg3 Bd7 19. Nb3 Rhg8 20. Qf2 gxf4 21. exf4 Qf6 22. a4 Bh3 23. g3 c6 24. Kh1 Bxf1 25. Qxf1 Ka7 26. a5 Nd7 27. Na4 Rde8 28. Rc1 Re3 29. Nb6 Nxb6 30. axb6+ Kxb6 31. Qd1 Bb4 32. Qc2 Rge8 33. Kg2 Re1 34. Rxe1 Rxe1 35. Nd2 Bxd2 36. Qxd2 Qe7 37. Qc3 a5 38. Qc2 Kc7 39. f5 Qe3 40. Qc3 b6 41. Qc2 Rc1 42. Qb3 Rg1+ 43. Kh3 Qf3 44. Kh4 Rg2 0-1

[Event "ISL-chT1 1819"]
[Site "Reykjavik"]
[Date "2019.02.28"]
[Round "6.4"]
[White "Ris, Robert"]
[Black "Hjartarson, Johann"]
[Result "1-0"]
[WhiteElo "2448"]
[BlackElo "2530"]
[PlyCount "63"]
[EventDate "2018.11.08"]
[EventType "team-tourn"]
[EventRounds "9"]
[EventCountry "ISL"]
[SourceTitle "CBM 189 Extra"]
[Source "ChessBase"]
[SourceDate "2019.06.03"]
[SourceVersion "1"]
[SourceVersionDate "2019.06.03"]
[SourceQuality "1"]
[WhiteTeam "Skakdeild Fjolnis"]
[BlackTeam "Vikingaklubburinn"]
[WhiteTeamCountry "ISL"]
[BlackTeamCountry "ISL"]

1. e4 e5 2. Nf3 Nc6 3. d4 exd4 4. Nxd4 Nf6 5. Nxc6 bxc6 6. e5 Qe7 7. Qe2 Nd5 8. h4 d6 9. c4 Nb6 10. exd6 cxd6 11. Be3 Qe6 12. Nd2 Be7 13. Nf3 Bf6 14. 0-0-0 0-0 15. Qc2 g6 16. h5 d5 17. c5 Nd7 18. Nd4 Bxd4 19. Bxd4 a5 20. Qd2 Ra7 21. Re1 Qf5 22. Bd3 Qg4 23. hxg6 fxg6 24. Qh6 Qf4+ 25. Qxf4 Rxf4 26. Re8+ Nf8 27. Be3 Bd7 28. Rd8 Rf7 29. Bh6 Bf5 30. Re1 Bd7 31. f4 a4 32. Re7 1-0

[Event "BCF-chTb 1819 (4NCL)"]
[Site "Daventry"]
[Date "2019.02.10"]
[Round "6.71"]
[White "Fitzsimons, David"]
[Black "Ris, Robert"]
[Result "1/2-1/2"]
[WhiteElo "2301"]
[BlackElo "2450"]
[PlyCount "144"]
[EventDate "2018.11.10"]
[EventType "team-tourn"]
[EventRounds "11"]
[EventCountry "ENG"]
[SourceTitle "CBM 188 Extra"]
[Source "ChessBase"]
[SourceDate "2019.02.26"]
[SourceVersion "1"]
[SourceVersionDate "2019.02.26"]
[SourceQuality "1"]
[WhiteTeam "Wood Green Monarchs"]
[BlackTeam "Guildford II"]
[WhiteTeamCountry "ENG"]
[BlackTeamCountry "ENG"]

1. e4 c6 2. d4 d5 3. exd5 cxd5 4. Bd3 Nc6 5. c3 g6 6. Nf3 Bg7 7. h3 Nh6 8. Bf4 Bf5 9. Be2 f6 10. c4 Bxb1 11. Rxb1 e6 12. 0-0 0-0 13. Rc1 Qd7 14. cxd5 exd5 15. Qa4 Nf5 16. Rc5 Rf7 17. Bb5 Nfe7 18. Rfc1 a6 19. Bf1 Nf5 20. Bb5 Nfe7 21. R5c3 Rd8 22. Bf1 Bf8 23. a3 g5 24. Bh2 h5 25. Qd1 Rg7 26. Ne1 g4 27. Nd3 Ng6 28. Nc5 Bxc5 29. Rxc5 Qf5 30. R1c3 Kh8 31. Qd2 Re8 32. Bd3 Qe6 33. Bf1 Qe1 34. Qxe1 Rxe1 35. Rxd5 Rge7 36. Re3 R7xe3 37. fxe3 Rxe3 38. Rxh5+ Kg7 39. hxg4 Nxd4 40. Rd5 Nc6 41. g5 Nge5 42. Bf4 Rb3 43. Rd2 fxg5 44. Bxg5 Kg6 45. Bh4 Kf5 46. Be2 Re3 47. Bf2 Re4 48. b3 Ke6 49. g3 Na5 50. Bd1 Ng4 51. Re2 Rxe2 52. Bxe2 Nxf2 53. Kxf2 Ke5 54. b4 Nb3 55. Ke3 Nd4 56. Bd3 Nc6 57. Be4 Nd8 58. a4 b6 59. a5 bxa5 60. bxa5 Ne6 61. Bf3 Nc5 62. Kd2 Kd4 63. g4 Nb3+ 64. Kc2 Nxa5 65. g5 Ke5 66. Bg4 Nc6 67. Kc3 Kf4 68. g6 Kxg4 69. g7 Ne7 70. Kb4 Kg5 71. Ka5 Kg6 72. Kxa6 Kxg7 1/2-1/2

[Event "NED-chT 1819"]
[Site "Netherlands"]
[Date "2018.12.15"]
[Round "5.3"]
[White "Beukema, Stefan"]
[Black "Ris, Robert"]
[Result "1-0"]
[WhiteElo "2396"]
[BlackElo "2431"]
[PlyCount "39"]
[EventDate "2018.09.15"]
[EventType "team-tourn"]
[EventRounds "9"]
[EventCountry "NED"]
[SourceTitle "CBM 189 Extra"]
[Source "ChessBase"]
[SourceDate "2019.06.03"]
[SourceVersion "1"]
[SourceVersionDate "2019.06.03"]
[SourceQuality "1"]
[WhiteTeam "De Stukkenjagers"]
[BlackTeam "BSG"]
[WhiteTeamCountry "NED"]
[BlackTeamCountry "NED"]

1. f4 Nf6 2. Nf3 b6 3. g3 Bb7 4. Bg2 g6 5. 0-0 Bg7 6. d3 d5 7. Qe1 0-0 8. h3 c5 9. g4 Nc6 10. f5 Ne8 11. Na3 e6 12. e4 dxe4 13. dxe4 Nd4 14. c3 Nxf3+ 15. Rxf3 exf5 16. gxf5 Nd6 17. Rd3 Qe7 18. Bf4 Nxe4 19. Rad1 Bc6 20. Rd6 1-0

[Event "NED-chT 1819"]
[Site "Netherlands"]
[Date "2018.11.24"]
[Round "4.5"]
[White "Lemmers, Oscar"]
[Black "Ris, Robert"]
[Result "1/2-1/2"]
[WhiteElo "2328"]
[BlackElo "2431"]
[PlyCount "103"]
[EventDate "2018.09.15"]
[EventType "team-tourn"]
[EventRounds "9"]
[EventCountry "NED"]
[SourceTitle "CBM 187 Extra"]
[Source "ChessBase"]
[SourceDate "2018.11.04"]
[SourceVersion "1"]
[SourceVersionDate "2018.11.04"]
[SourceQuality "1"]
[WhiteTeam "Zuid Limburg"]
[BlackTeam "BSG"]
[WhiteTeamCountry "NED"]
[BlackTeamCountry "NED"]

1. e4 c6 2. c4 g6 3. d4 Bg7 4. Nf3 d6 5. Be3 Nd7 6. Nc3 Ngf6 7. Be2 0-0 8. 0-0 e5 9. dxe5 dxe5 10. b4 Ng4 11. Bd2 Qe7 12. Ne1 h5 13. f3 Nh6 14. Nd3 f6 15. Qb3 Nf7 16. c5 Rd8 17. Rfd1 Nf8 18. Qb2 Ne6 19. Bf1 Nd4 20. Be3 Bh6 21. Bxh6 Nxh6 22. Ne2 Be6 23. Nf2 Nxe2+ 24. Bxe2 a5 25. Rxd8+ Rxd8 26. a3 Nf7 27. Rd1 axb4 28. Rxd8+ Nxd8 29. axb4 Bf7 30. Nd1 Ne6 31. Ne3 Kg7 32. Qd2 Nd4 33. Nc2 Nxe2+ 34. Qxe2 Qd7 35. g3 Bb3 36. Ne3 Qd4 37. Qe1 Be6 38. h4 Qb2 39. Nf1 Bh3 40. Ne3 Be6 41. g4 hxg4 42. Nxg4 Kf7 43. Nf2 Qd4 44. Kg2 Kg7 45. Qd1 Qxb4 46. Qd6 Qb3 47. Qe7+ Bf7 48. Ng4 Qe6 49. Qxb7 f5 50. Nf2 Qf6 51. Qc7 Qxh4 52. Qxe5+ 1/2-1/2

[Event "EU-Cup 34th"]
[Site "Porto Carras"]
[Date "2018.10.16"]
[Round "5.2"]
[White "Ris, Robert"]
[Black "Danchevski, Orce"]
[Result "1-0"]
[WhiteElo "2435"]
[BlackElo "2358"]
[PlyCount "79"]
[EventDate "2018.10.12"]
[EventType "team-swiss"]
[EventRounds "7"]
[EventCountry "GRE"]
[SourceTitle "CBM 187"]
[Source "ChessBase"]
[SourceDate "2018.12.11"]
[SourceVersion "1"]
[SourceVersionDate "2018.12.11"]
[SourceQuality "1"]
[WhiteTeam "BSG"]
[BlackTeam "Gambit Asseco See"]
[WhiteTeamCountry "NED"]
[BlackTeamCountry "MKD"]

1. e4 c5 2. Nf3 d6 3. d4 Nf6 4. Nc3 cxd4 5. Nxd4 Nc6 6. Bg5 e6 7. Qd2 a6 8. 0-0-0 h6 9. Nxc6 bxc6 10. Bf4 d5 11. Qe3 Bb4 12. Be2 Qa5 13. Be5 Bb7 14. Kb1 0-0-0 15. exd5 cxd5 16. a3 Bf8 17. Rd3 Nd7 18. b4 Qb6 19. Bd4 Qd6 20. f4 Bc6 21. Ka1 f6 22. Bg4 Re8 23. Re1 g5 24. g3 Bg7 25. Bxe6 Kb7 26. f5 Ne5 27. Bc5 Qb8 28. Bxd5 Nxd3 29. Bxc6+ Kxc6 30. Qf3+ Kc7 31. Rxe8 Qxe8 32. Qxd3 Qe5 33. Ka2 Rd8 34. Qxa6 Rb8 35. Qa7+ Kc8 36. Qxg7 Qxc3 37. Qf8+ Kb7 38. Qe7+ Kc8 39. Qe6+ Kc7 40. Qd6+ 1-0

[Event "Porticcio op 5th"]
[Site "Porticcio"]
[Date "2018.07.03"]
[Round "5"]
[White "Ris, Robert"]
[Black "Fressinet, Laurent"]
[Result "0-1"]
[WhiteElo "2431"]
[BlackElo "2649"]
[PlyCount "50"]
[EventDate "2018.06.30"]
[EventType "swiss"]
[EventRounds "9"]
[EventCountry "FRA"]
[SourceTitle "CBM 185 Extra"]
[Source "ChessBase"]
[SourceDate "2018.07.29"]
[SourceVersion "1"]
[SourceVersionDate "2018.07.29"]
[SourceQuality "1"]

1. e4 c6 2. d4 d5 3. e5 Bf5 4. h4 h5 5. Bd3 Bxd3 6. Qxd3 e6 7. Bg5 Qb6 8. Nd2 Qa6 9. c4 Ne7 10. b3 Nd7 11. Ne2 f6 12. exf6 gxf6 13. Bf4 0-0-0 14. Qh3 Ng6 15. Bh2 Bb4 16. Qg3 Nge5 17. dxe5 Nxe5 18. Rd1 dxc4 19. 0-0 Bxd2 20. Qh3 Ng4 21. Nf4 Bxf4 22. Bxf4 Rxd1 23. Rxd1 Qxa2 24. f3 Qf2+ 25. Kh1 Qe2 0-1

[Event "ISL-chT 1718"]
[Site "Reykjavik"]
[Date "2018.03.03"]
[Round "8.4"]
[White "Asbjornsson, Asgeir"]
[Black "Ris, Robert"]
[Result "0-1"]
[WhiteElo "2252"]
[BlackElo "2416"]
[PlyCount "148"]
[EventDate "2017.10.19"]
[EventType "team-tourn"]
[EventRounds "9"]
[EventCountry "ISL"]
[SourceTitle "EXT 2019"]
[Source "ChessBase"]
[SourceDate "2018.10.10"]
[SourceVersion "1"]
[SourceVersionDate "2018.10.10"]
[SourceQuality "1"]
[WhiteTeam "Huginn II"]
[BlackTeam "Fjolnis"]
[WhiteTeamCountry "ISL"]
[BlackTeamCountry "ISL"]

1. Nf3 Nf6 2. d4 g6 3. g3 b6 4. Bg2 Bb7 5. c4 Bg7 6. 0-0 0-0 7. Nc3 Ne4 8. Nxe4 Bxe4 9. Be3 d6 10. Qd2 Nd7 11. Bh6 e6 12. Bxg7 Kxg7 13. Rac1 Qe7 14. Rfd1 a5 15. Qc3 Kg8 16. Ne5 dxe5 17. Bxe4 exd4 18. Rxd4 Rad8 19. Rcd1 Nc5 20. Bc2 Nb7 21. Be4 Rxd4 22. Rxd4 Nc5 23. Bc6 Rd8 24. Kf1 Rd6 25. Bf3 Qd7 26. Rxd6 Qxd6 27. Qc2 Qd4 28. Ke1 Kg7 29. h4 h5 30. Bc6 Kf8 31. Qc3 Qxc3+ 32. bxc3 Ke7 33. f3 Na6 34. Kd2 Nb8 35. Be4 Nd7 36. f4 Kd6 37. Bc2 Kc5 38. Ba4 Nf6 39. Kd3 c6 40. e4 e5 41. Bd1 Kd6 42. Bf3 Nd7 43. Ke3 Kc5 44. Kd3 Nf6 45. Be2 Kd6 46. Bf3 Ne8 47. Bd1 Ng7 48. Bf3 Ne6 49. f5 Nc5+ 50. Ke3 Na4 51. Kd2 Nb2 52. fxg6 fxg6 53. Be2 Kc5 54. g4 Nxc4+ 55. Kd3 hxg4 56. Bxg4 Nd6 57. Bd7 b5 58. a3 Kb6 59. Bg4 Kc7 60. Be6 Kd8 61. Bg8 Ke7 62. Bb3 Kf6 63. a4 Nb7 64. Bd1 Nc5+ 65. Kc2 Nxa4 66. h5 gxh5 67. Bxh5 Ke7 68. Bg6 Nc5 69. Bf5 Kd6 70. Bh7 Nb7 71. Kb3 Kc5 72. Bg8 Nd6 73. Bh7 Kb6 74. Bg6 c5 0-1

[Event "NRW Class1 1718"]
[Site "Germany"]
[Date "2018.02.18"]
[Round "6.1"]
[White "Ris, Robert"]
[Black "Kabatianski, Alexander"]
[Result "0-1"]
[WhiteElo "2381"]
[BlackElo "2307"]
[PlyCount "58"]
[EventDate "2017.09.17"]
[EventType "team-tourn"]
[EventRounds "9"]
[EventCountry "GER"]
[SourceTitle "EXT 2019"]
[Source "ChessBase"]
[SourceDate "2018.10.10"]
[SourceVersion "1"]
[SourceVersionDate "2018.10.10"]
[SourceQuality "1"]
[WhiteTeam "Erkenschwick"]
[BlackTeam "Emsdetten Rochade"]
[WhiteTeamCountry "GER"]
[BlackTeamCountry "GER"]

1. d4 Nf6 2. c4 e6 3. Nf3 b6 4. a3 Bb7 5. Nc3 d5 6. cxd5 Nxd5 7. Qc2 Nxc3 8. bxc3 Nd7 9. e4 c5 10. Bd3 Qc8 11. Bb2 Ba6 12. 0-0 Bxd3 13. Qxd3 Be7 14. d5 c4 15. Qe2 e5 16. a4 a6 17. Rfd1 Qc7 18. Nd2 Rc8 19. Nf1 Bc5 20. Ne3 Bxe3 21. Qxe3 Nc5 22. Ba3 Nd3 23. Rab1 Rb8 24. Qh3 h5 25. Qg3 f6 26. Qg6+ Qf7 27. Qf5 Qd7 28. Qg6+ Kd8 29. a5 Nf4 0-1

[Event "NED-chT 1718"]
[Site "Netherlands"]
[Date "2018.02.03"]
[Round "6.4"]
[White "Ris, Robert"]
[Black "Stark, Lars"]
[Result "1/2-1/2"]
[WhiteElo "2410"]
[BlackElo "2397"]
[PlyCount "29"]
[EventDate "2017.09.16"]
[EventType "team-tourn"]
[EventRounds "9"]
[EventCountry "NED"]
[SourceTitle "EXT 2019"]
[Source "ChessBase"]
[SourceDate "2018.10.10"]
[SourceVersion "1"]
[SourceVersionDate "2018.10.10"]
[SourceQuality "1"]
[WhiteTeam "BSG"]
[BlackTeam "Voerendaal"]
[WhiteTeamCountry "NED"]
[BlackTeamCountry "NED"]

1. d4 Nf6 2. c4 e6 3. Nf3 b6 4. g3 c6 5. Bg2 Bb4+ 6. Bd2 Be7 7. 0-0 d5 8. Qc2 Nbd7 9. Rd1 0-0 10. Bf4 Bb7 11. Nc3 Nh5 12. Bc1 Nhf6 13. Bf4 Nh5 14. Bc1 Nhf6 15. Bf4 1/2-1/2

[Event "NED-chT 1718"]
[Site "Netherlands"]
[Date "2017.09.16"]
[Round "1.6"]
[White "Warmerdam, Max"]
[Black "Ris, Robert"]
[Result "0-1"]
[WhiteElo "2399"]
[BlackElo "2410"]
[PlyCount "106"]
[EventDate "2017.09.16"]
[EventType "team-tourn"]
[EventRounds "9"]
[EventCountry "NED"]
[SourceTitle "CBM 180 Extra"]
[Source "ChessBase"]
[SourceDate "2017.10.06"]
[SourceVersion "1"]
[SourceVersionDate "2017.10.06"]
[SourceQuality "1"]
[WhiteTeam "Apeldoorn"]
[BlackTeam "BSG"]
[WhiteTeamCountry "NED"]
[BlackTeamCountry "NED"]

1. e4 c5 2. Nf3 Nc6 3. d4 cxd4 4. Nxd4 Nf6 5. Nc3 e5 6. Ndb5 d6 7. Bg5 a6 8. Na3 Be6 9. Nc4 Rb8 10. Be2 Nd4 11. 0-0 Be7 12. Bxf6 Bxf6 13. Ne3 0-0 14. Ncd5 Bg5 15. c3 Nc6 16. a4 Bxe3 17. Nxe3 Qd7 18. a5 Rfd8 19. Bc4 Ne7 20. Qb3 Bxc4 21. Nxc4 Qe6 22. Rfd1 d5 23. exd5 Nxd5 24. Re1 f6 25. Rad1 Nf4 26. Qb6 Qxb6 27. axb6 Kf8 28. g3 Nd3 29. Re2 Nc5 30. Red2 Rxd2 31. Rxd2 Ke7 32. Rd5 Nd7 33. b3 Rc8 34. Nd6 Rxc3 35. Nxb7 Nxb6 36. Ra5 Rxb3 37. Rxa6 Nd7 38. Ra7 Ke6 39. Nd8+ Ke7 40. Nb7 Rc3 41. Na5 h5 42. Rb7 Ke6 43. h4 g6 44. Nb3 Rc2 45. Kg2 Ra2 46. Nc1 Ra3 47. Ne2 Nc5 48. Rb6+ Kf7 49. Rc6 Ne4 50. Rc4 Nd6 51. Rc2 Ke6 52. Ng1 Nf5 53. Nh3 Rxg3+ 0-1

[Event "Capablanca Memorial op 52nd"]
[Site "Matanzas"]
[Date "2017.05.27"]
[Round "1"]
[White "Ris, Robert"]
[Black "Medina Diaz, Rafael Alejandro"]
[Result "1/2-1/2"]
[WhiteElo "2425"]
[BlackElo "2317"]
[PlyCount "38"]
[EventDate "2017.05.27"]
[EventType "swiss"]
[EventRounds "10"]
[EventCountry "CUB"]
[SourceTitle "EXT 2018"]
[Source "ChessBase"]
[SourceDate "2017.10.13"]
[SourceVersion "1"]
[SourceVersionDate "2017.10.13"]
[SourceQuality "1"]

1. d4 d5 2. c4 c6 3. Nf3 Nf6 4. e3 g6 5. Nc3 Bg7 6. Be2 0-0 7. 0-0 Bg4 8. cxd5 cxd5 9. Qb3 b6 10. h3 Bxf3 11. Bxf3 e6 12. Bd2 Nc6 13. Be2 Ne8 14. Rac1 Na5 15. Qa4 Nd6 16. b3 a6 17. Qa3 Re8 18. Rfd1 Bf8 19. Qb2 b5 1/2-1/2

[Event "Reykjavik op"]
[Site "Reykjavik"]
[Date "2017.04.26"]
[Round "9"]
[White "Ris, Robert"]
[Black "Plotkin, Victor"]
[Result "0-1"]
[WhiteElo "2419"]
[BlackElo "2243"]
[PlyCount "132"]
[EventDate "2017.04.19"]
[EventType "swiss"]
[EventRounds "10"]
[EventCountry "ISL"]
[SourceTitle "CBM 178 Extra"]
[Source "ChessBase"]
[SourceDate "2017.06.22"]
[SourceVersion "1"]
[SourceVersionDate "2017.06.22"]
[SourceQuality "1"]

1. d4 d5 2. Bf4 Nf6 3. e3 e6 4. Nd2 Bd6 5. Bg3 c5 6. c3 Nc6 7. Ngf3 cxd4 8. exd4 Nh5 9. Bxd6 Qxd6 10. Bb5 Nf4 11. 0-0 Bd7 12. Re1 0-0 13. Nb3 b6 14. g3 Ng6 15. Bd3 Rae8 16. Bxg6 hxg6 17. Ne5 Ne7 18. Qd3 Rb8 19. Re2 Rfc8 20. h4 Be8 21. Qf3 a5 22. a3 Rc7 23. Kg2 Nf5 24. Rh1 f6 25. Nd3 Bb5 26. Rhe1 Re8 27. Nbc1 Rce7 28. Qg4 Kf7 29. Rd2 Rh8 30. Nf4 Rh6 31. Kg1 Re8 32. Ncd3 Bd7 33. Ng2 e5 34. dxe5 fxe5 35. Qd1 g5 36. Nxe5+ Rxe5 37. Rxe5 Qxe5 38. Rxd5 Rd6 39. Qh5+ g6 40. Rxe5 gxh5 41. hxg5 Rd1+ 42. Ne1 Kg6 43. f4 Nxg3 44. Kf2 Nf5 45. Nf3 h4 46. Ke2 Rb1 47. Rd5 Rxb2+ 48. Ke1 Be6 49. Ne5+ Kg7 50. Rd3 Rg2 51. Kf1 Rg3 52. Rxg3 hxg3 53. Kg2 Bd5+ 54. Kh3 g2 55. Kh2 Nh4 56. Ng4 Kg6 57. Ne3 Be4 58. Kg1 b5 59. Kf2 a4 60. Kg1 Nf5 61. Nxg2 Bxg2 62. Kxg2 Nd6 63. Kf3 Kf5 64. Kg3 Ne4+ 65. Kh4 Nxc3 66. Kh5 Nd5 0-1

[Event "Reykjavik op"]
[Site "Reykjavik"]
[Date "2017.04.24"]
[Round "7"]
[White "Ris, Robert"]
[Black "Guezennec, Franck"]
[Result "1-0"]
[WhiteElo "2419"]
[BlackElo "2271"]
[PlyCount "52"]
[EventDate "2017.04.19"]
[EventType "swiss"]
[EventRounds "10"]
[EventCountry "ISL"]
[SourceTitle "CBM 178 Extra"]
[Source "ChessBase"]
[SourceDate "2017.06.22"]
[SourceVersion "1"]
[SourceVersionDate "2017.06.22"]
[SourceQuality "1"]

1. d4 Nf6 2. Bf4 d6 3. Nc3 g6 4. e4 a6 5. Qd2 b5 6. f3 Nbd7 7. 0-0-0 c6 8. h4 h5 9. Kb1 Nb6 10. Nh3 Bxh3 11. Rxh3 Bg7 12. e5 dxe5 13. dxe5 Qxd2 14. Bxd2 Nfd5 15. f4 Bh6 16. Rf3 0-0-0 17. g3 Nxc3+ 18. Rxc3 Nd5 19. Rd3 e6 20. Ba5 Nc7 21. Bg2 Rxd3 22. Rxd3 Nd5 23. b3 b4 24. a3 Bf8 25. axb4 Nxb4 26. Rd8+ Kb7 1-0

[Event "Reykjavik op"]
[Site "Reykjavik"]
[Date "2017.04.20"]
[Round "3"]
[White "Ris, Robert"]
[Black "Beliavsky, Alexander G"]
[Result "1-0"]
[WhiteElo "2419"]
[BlackElo "2597"]
[PlyCount "63"]
[EventDate "2017.04.19"]
[EventType "swiss"]
[EventRounds "10"]
[EventCountry "ISL"]
[SourceTitle "CBM 178 Extra"]
[Source "ChessBase"]
[SourceDate "2017.06.22"]
[SourceVersion "1"]
[SourceVersionDate "2017.06.22"]
[SourceQuality "1"]

1. d4 d5 2. Nf3 Nf6 3. Bf4 Nh5 4. Bd2 c6 5. c4 g6 6. e3 Bg7 7. cxd5 cxd5 8. Bb5+ Bd7 9. Qb3 Qb6 10. Nc3 e6 11. Ne5 Bxe5 12. dxe5 0-0 13. 0-0 Ng7 14. Rac1 Nf5 15. Rfd1 Bxb5 16. Nxb5 Nc6 17. g4 Nh4 18. f4 Nf3+ 19. Kg2 Nxd2 20. Rxd2 Na5 21. Qa3 Nc4 22. Rxc4 dxc4 23. Nd6 Qc6+ 24. e4 b5 25. Qe3 Qb6 26. Qg3 Qa5 27. Rf2 b4 28. f5 c3 29. bxc3 bxc3 30. Qf4 c2 31. f6 Qxe5 32. Qh6 1-0